000 00719nam a2200289Ia 4500
005 20260324125142.0
008 008 260324s9999 xx 000 0 eng d
020 _a9781315594422
037 _aEBOOK
040 _aCRL
040 _beng
040 _cCRL
041 _2eng
041 _aeng
084 _qCRL
100 _aEnrico Camerinelli
_91176892
245 0 _aMeasuring the Value of the Supply Chain
245 0 _bLinking Financial Performance and Supply Chain Decisions
260 _bTaylor and Francis
260 _c2009
365 _a
365 _b230
856 _uhttp://www.taylorfrancis.com/books/9781315594422
942 _cEBOOK
999 _c1771890
_d1771890